Statistics for US States with the Least Water Area (%)

Click here to take the quiz!

General Stats

  • This quiz has been taken 41 times
  • The average score is 8 of 10

Answer Stats

% State % Correct
0.35Arizona
97%
0.72Nevada
97%
0.24New Mexico
89%
0.63Kansas
89%
0.74Wyoming
84%
0.68Nebraska
81%
1.02Montana
81%
0.43Colorado
73%
0.74Iowa
65%
0.79West Virginia
46%

Score Distribution

Percentile by Number Answered

Percent of People with Each Score

Your Score History

You have not taken this quiz